000 00512nam a2200145Ia 4500
008 230917s9999||||xx |||||||||||||| ||und||
040 _e167528
_aMAIN
041 _aEnglish
082 _a891.43172109 SR19:RS
100 _aराणे, शोभा
245 0 _aरधुवीर सहाय की कविताओं में राजनीतिक चेतना
260 _aकानपुर
_bचन्द्रलोक प्रकाशन
_c2004
300 _a88 पृ. p.
942 _cHN
999 _c128708
_d128708